| 000 | 00385nam a2200145Ia 4500 | ||
|---|---|---|---|
| 008 | 150201s2014 xx 000 0 und d | ||
| 082 |
_a616.5 _bI14K |
||
| 100 | _aKHANNA, NEENA | ||
| 245 | _aILLUSTRATED SYNOPSIS OF DERMATOLOGY AND SEXUALLY TRANSMITTED DESEASES | ||
| 250 | _a4TH | ||
| 260 |
_bELSEVIER _aINDIA _c2014 |
||
| 300 | _a1-427 | ||
| 650 | _aDERMATOLOGY | ||
| 942 |
_2ddc _cBK _04 |
||
| 999 |
_c1776 _d1776 |
||